<?xml version="1.0" encoding="UTF-8"?>
<record
    xmlns:xsi="http://www.w3.org/2001/XMLSchema-instance"
    xsi:schemaLocation="http://www.loc.gov/MARC21/slim http://www.loc.gov/standards/marcxml/schema/MARC21slim.xsd"
    xmlns="http://www.loc.gov/MARC21/slim">

  <leader>05377nam a2200481Ia 4500</leader>
  <controlfield tag="001">dia_4759</controlfield>
  <controlfield tag="003">CHAP</controlfield>
  <controlfield tag="005">20241010134011.0</controlfield>
  <controlfield tag="007">ta</controlfield>
  <controlfield tag="008">220117s2011    mx ado frm    001 0 spa d</controlfield>
  <datafield tag="010" ind1=" " ind2=" ">
    <subfield code="a">175516</subfield>
  </datafield>
  <datafield tag="040" ind1=" " ind2=" ">
    <subfield code="c">CHAP</subfield>
    <subfield code="a">mxchpua</subfield>
    <subfield code="e">rda</subfield>
  </datafield>
  <datafield tag="041" ind1="0" ind2=" ">
    <subfield code="a">spa</subfield>
    <subfield code="b">eng</subfield>
  </datafield>
  <datafield tag="090" ind1=" " ind2=" ">
    <subfield code="a">Tesis V37 2011</subfield>
    <subfield code="b">V37 </subfield>
    <subfield code="c">2011</subfield>
  </datafield>
  <datafield tag="100" ind1="1" ind2=" ">
    <subfield code="a">V&#xE1;squez Maya, Isabel Irene</subfield>
  </datafield>
  <datafield tag="245" ind1="1" ind2="0">
    <subfield code="a">Contenido de antocianinas y potencial antioxidante en Chile Guajillo (Capsicum annuum L.) /</subfield>
    <subfield code="c">Isabel Irene V&#xE1;squez Maya</subfield>
  </datafield>
  <datafield tag="264" ind1=" " ind2=" ">
    <subfield code="a">Chapingo, M&#xE9;xico :</subfield>
    <subfield code="b">El autor,</subfield>
    <subfield code="c">2011</subfield>
  </datafield>
  <datafield tag="300" ind1=" " ind2=" ">
    <subfield code="a">iv, 48 hojas :</subfield>
    <subfield code="b">ilustraciones, gr&#xE1;ficas, tablas, fotos +</subfield>
    <subfield code="e">1 CD-ROM</subfield>
  </datafield>
  <datafield tag="336" ind1=" " ind2=" ">
    <subfield code="2">rdacontent,</subfield>
    <subfield code="a">texto</subfield>
    <subfield code="b">txt</subfield>
  </datafield>
  <datafield tag="337" ind1=" " ind2=" ">
    <subfield code="2">rdamedia</subfield>
    <subfield code="a">no mediado</subfield>
    <subfield code="b">n</subfield>
  </datafield>
  <datafield tag="338" ind1=" " ind2=" ">
    <subfield code="2">rdacarrier</subfield>
    <subfield code="a">volumen</subfield>
    <subfield code="b">nc</subfield>
  </datafield>
  <datafield tag="500" ind1=" " ind2=" ">
    <subfield code="a">El CD contiene reporte</subfield>
  </datafield>
  <datafield tag="502" ind1=" " ind2=" ">
    <subfield code="a">Tesis </subfield>
    <subfield code="b">(Ingeniero Agroindustrial) -- </subfield>
    <subfield code="c">UACh. Departamento de Ingenier&#xED;a Agroindustrial, </subfield>
    <subfield code="d">2011</subfield>
  </datafield>
  <datafield tag="504" ind1=" " ind2=" ">
    <subfield code="a">Bibliograf&#xED;a: hojas 44-47</subfield>
  </datafield>
  <datafield tag="520" ind1="3" ind2=" ">
    <subfield code="a">El objetivo del presente trabajo fue estudiar el contenido de antocianinas y potencial antioxidante en chile guajillo para lo cual se evaluaron algunas variables como el &#xE1;cido asc&#xF3;rbico, fenoles totales, antocianinas, color y actividad antioxidante. El experimento se realiz&#xF3; en el departamento de Fitotecnia de la Universidad Aut&#xF3;noma Chapingo, M&#xE9;xico, con frutos secos de chile guajillo (Capsicum annum L.). El material vegetativo consisti&#xF3; en 30 colectas de chile guajillo, provenientes de los estados de Durango y Zacatecas. El an&#xE1;lisis estad&#xED;stico que se realiz&#xF3; fue mediante la prueba de Tukey (p? 0.05), usando el paquete estad&#xED;stico SAS. Para la evaluaci&#xF3;n de cada variable se utilizaron tres repeticiones de cada colecta, la unidad experimental consisti&#xF3; en tres chiles. Los datos se analizaron bajo un dise&#xF1;o completamente al azar. Adem&#xE1;s los resultados se sometieron a un an&#xE1;lisis multivariado de datos para obtener grupos de colectas con caracter&#xED;sticas semejantes. En color (hue) la colecta 19 que viene de Zacatecas, tiene el valor m&#xE1;s alto y la 25 de Zacatecas con el valor m&#xE1;s bajo. En cuanto en croma y luminosidad todas las colectas fueron estad&#xED;sticamente iguales. En contenido de fenoles las colectas 8, 13, 20, 21, 24, 25, 26, y 27 son las que presentaron valores m&#xE1;s altos, y la 3 fue el valor m&#xE1;s bajo. Las colectas 19 y 25 presentaron altos contenidos de acido asc&#xF3;rbico que proceden de Zacatecas y las colectas 4, 29 y 30 con valores m&#xE1;s bajos procedentes de Durango y Zacatecas. Las colectas con mayor capacidad antioxidante fueron 12, 14 y 16 provenientes de Durango y Zacatecas y la 28 con menor capacidad antioxidante que proviene de Zacatecas. En cuanto al contenido de antocianinas las colectas 1, 9, 17 y 21 presentaron los valores m&#xE1;s altos originarios de Durango y Zacatecas y la colecta 22 de Zacatecas con el valor m&#xE1;s bajo. --</subfield>
  </datafield>
  <datafield tag="520" ind1="3" ind2=" ">
    <subfield code="a">The objective of the present work was to study the anthocyanin content and antioxidant potential in guajillo pepper for which variables such as ascorbic acid, total phenols, anthocyanin color and antioxidant activity were evaluated. The experiment was fulfilled in the crop sciences department in the University of Chapingo, Mexico with dried fruits of guajillo pepper (Capsicum annum L.). The vegetative material consisted of 30 collections of guajillo pepper, from the states of Durango and Zacatecas. The statistical analysis was made by means of the Tukey test (p? 0.05), using the statistical package SAS. For the evaluation of every variable three repetitions of every collection were used, the experimental unit consisted of three peppers. The data was analyzed under a completely random design. These results were also subjected to multivariate analysis of data to obtain collection groups with similar characteristics. Collection 19 has the highest value in color (hue) and collection 25 has the lowest value both come from Zacatecas. Referring to chroma and luminosity all the collections were statistically equal. In Collections 8, 13, 20, 21, 24, 25, 26, and 27 contained higher values of phenols, and collection 3 had the lowest value. Collections 19 and 25 presented high content of ascorbic acid that come from Zacatecas and collections 4, 29 and 30 contained lower values which come from Durango and Zacatecas. The collections with the highest antioxidant capacity were 12, 14 and 16 from Durango and Zacatecas, and collection 28 had lower antioxidant capacity from Zacatecas. Collections 1, 9, 17 and 21 presented the highest values from Durango and Zacatecas, and the collection 22 from Zacatecas with the lowest value containing anthocyanin.</subfield>
  </datafield>
  <datafield tag="650" ind1="1" ind2="3">
    <subfield code="a">Actividad antioxidante  </subfield>
    <subfield code="2">atg</subfield>
  </datafield>
  <datafield tag="650" ind1="1" ind2="3">
    <subfield code="a">Antocianinas  </subfield>
    <subfield code="2">atg</subfield>
  </datafield>
  <datafield tag="650" ind1="1" ind2="3">
    <subfield code="a">Capsicum annuum</subfield>
    <subfield code="x">Actividad antioxidante  </subfield>
    <subfield code="2">atg</subfield>
  </datafield>
  <datafield tag="650" ind1="1" ind2="3">
    <subfield code="a">Fenoles  </subfield>
    <subfield code="2">atg</subfield>
  </datafield>
  <datafield tag="650" ind1="1" ind2="3">
    <subfield code="a">Anthocyanins  </subfield>
    <subfield code="2">atg</subfield>
  </datafield>
  <datafield tag="650" ind1="1" ind2="3">
    <subfield code="a">Phenols</subfield>
    <subfield code="2">atg</subfield>
  </datafield>
  <datafield tag="650" ind1="1" ind2="3">
    <subfield code="a">Capsicum annuum</subfield>
    <subfield code="x">Antioxidant activity</subfield>
    <subfield code="2">atg</subfield>
  </datafield>
  <datafield tag="700" ind1="1" ind2=" ">
    <subfield code="a">Mart&#xED;nez Dami&#xE1;n, Mar&#xED;a Teresa</subfield>
    <subfield code="e">directora</subfield>
  </datafield>
  <datafield tag="700" ind1="1" ind2=" ">
    <subfield code="a">Moreno P&#xE9;rez, Esau del Carmen</subfield>
    <subfield code="e">asesor</subfield>
  </datafield>
  <datafield tag="700" ind1="1" ind2=" ">
    <subfield code="a">Valle Guadarrama, Salvador</subfield>
    <subfield code="e">asesor</subfield>
  </datafield>
  <datafield tag="856" ind1="4" ind2="1">
    <subfield code="u">http://10.13.5.2/tesis/114213.pdf</subfield>
    <subfield code="y">DESCARGAR PDF</subfield>
  </datafield>
  <datafield tag="901" ind1=" " ind2=" ">
    <subfield code="a">TESIS V37 2011</subfield>
  </datafield>
  <datafield tag="902" ind1=" " ind2=" ">
    <subfield code="a">M</subfield>
  </datafield>
  <datafield tag="905" ind1=" " ind2=" ">
    <subfield code="a">5232272011                          mx dinl8223223322spa16</subfield>
  </datafield>
  <datafield tag="942" ind1=" " ind2=" ">
    <subfield code="c">TESIS</subfield>
    <subfield code="2">Clasificaci&#xF3;n Universidad Aut&#xF3;noma Chapingo</subfield>
  </datafield>
  <datafield tag="999" ind1=" " ind2=" ">
    <subfield code="c">175516</subfield>
    <subfield code="d">175516</subfield>
  </datafield>
  <datafield tag="952" ind1=" " ind2=" ">
    <subfield code="0">0</subfield>
    <subfield code="1">0</subfield>
    <subfield code="2">local</subfield>
    <subfield code="4">0</subfield>
    <subfield code="5">5</subfield>
    <subfield code="7">0</subfield>
    <subfield code="8">TESIS</subfield>
    <subfield code="a">IA_</subfield>
    <subfield code="b">IA_</subfield>
    <subfield code="d">2022-01-18</subfield>
    <subfield code="e">El autor</subfield>
    <subfield code="l">1</subfield>
    <subfield code="o">Tesis V37 2011</subfield>
    <subfield code="p">1101005661</subfield>
    <subfield code="r">2024-10-11 15:23:08</subfield>
    <subfield code="s">2024-10-11</subfield>
    <subfield code="t">Ej. 3</subfield>
    <subfield code="w">2022-01-18</subfield>
    <subfield code="y">CD</subfield>
  </datafield>
  <datafield tag="952" ind1=" " ind2=" ">
    <subfield code="0">0</subfield>
    <subfield code="1">0</subfield>
    <subfield code="2">local</subfield>
    <subfield code="4">0</subfield>
    <subfield code="5">1</subfield>
    <subfield code="7">0</subfield>
    <subfield code="8">TESIS</subfield>
    <subfield code="a">IA_</subfield>
    <subfield code="b">IA_</subfield>
    <subfield code="d">2022-01-18</subfield>
    <subfield code="e">El autor</subfield>
    <subfield code="l">0</subfield>
    <subfield code="o">Tesis V37 2011</subfield>
    <subfield code="p">1101006196</subfield>
    <subfield code="r">2026-02-02 00:00:00</subfield>
    <subfield code="t">Ej. 1</subfield>
    <subfield code="w">2022-01-18</subfield>
    <subfield code="y">TESIS</subfield>
  </datafield>
  <datafield tag="952" ind1=" " ind2=" ">
    <subfield code="0">0</subfield>
    <subfield code="1">0</subfield>
    <subfield code="2">local</subfield>
    <subfield code="4">0</subfield>
    <subfield code="5">1</subfield>
    <subfield code="7">0</subfield>
    <subfield code="8">TESIS</subfield>
    <subfield code="a">IA_</subfield>
    <subfield code="b">IA_</subfield>
    <subfield code="d">2022-01-18</subfield>
    <subfield code="e">El autor</subfield>
    <subfield code="l">0</subfield>
    <subfield code="o">Tesis V37 2011</subfield>
    <subfield code="p">1101005651</subfield>
    <subfield code="r">2022-01-18 00:00:00</subfield>
    <subfield code="t">Ej. 2</subfield>
    <subfield code="w">2022-01-18</subfield>
    <subfield code="y">CD</subfield>
  </datafield>
  <datafield tag="952" ind1=" " ind2=" ">
    <subfield code="0">0</subfield>
    <subfield code="1">0</subfield>
    <subfield code="2">local</subfield>
    <subfield code="4">0</subfield>
    <subfield code="7">0</subfield>
    <subfield code="8">TesDigL</subfield>
    <subfield code="a">IA_</subfield>
    <subfield code="b">IA_</subfield>
    <subfield code="c">E_L</subfield>
    <subfield code="d">2024-10-10</subfield>
    <subfield code="e">El autor</subfield>
    <subfield code="l">0</subfield>
    <subfield code="p">1201006196</subfield>
    <subfield code="r">2024-10-10 14:56:24</subfield>
    <subfield code="w">2024-10-10</subfield>
    <subfield code="y">TD</subfield>
  </datafield>
</record>
